| 000 | 00707nam a2200241Ia 4500 | ||
|---|---|---|---|
| 003 | OSt | ||
| 005 | 20220927105600.0 | ||
| 006 | a|||||r|||| 00| 0 | ||
| 007 | ta | ||
| 008 | 220926b |||||||| |||| 00| 0 eng d | ||
| 024 | _a187590 | ||
| 037 | _cReference Collections | ||
| 040 |
_aRTL _cRTL _beng |
||
| 041 |
_2eng _aeng |
||
| 082 | _a"Y(D854).7382.N37, G7" | ||
| 110 |
_aUNITED STATES _9373548 |
||
| 245 | 0 | _aReport of the United States public health service | |
| 260 |
_aWashington _bGovt. Press _c1944 |
||
| 300 |
_a"iv,838p" _ccm. |
||
| 700 |
_aUNITED STATES _9373549 |
||
| 942 |
_h"Y(D854).7382.N37, G7" _cCC |
||
| 999 |
_c693274 _d693274 |
||